| 000 | 00989nam a2200265Ia 4500 | ||
|---|---|---|---|
| 003 | OSt | ||
| 005 | 20221005104607.0 | ||
| 006 | a|||||r|||| 00| 0 | ||
| 007 | ta | ||
| 008 | 221004b |||||||| |||| 00| 0 hin d | ||
| 020 | _a8171196020 | ||
| 024 | _a32690 | ||
| 037 | _cTextual | ||
| 040 |
_aCRL _cCRL _bhin |
||
| 041 |
_2hin _ahin |
||
| 082 | _aO152,3N32:gx, N4 | ||
| 100 | _aजैन, निर्मला, संपा. | ||
| 245 | 0 |
_aअन्तस्तल का पूरा विप्लव _b अॅंधेरे में |
|
| 246 | _aAntastal kā pūrā viplava: aॅandhere mean | ||
| 260 |
_aदिल्ली _bराधाकृष्ण प्रकाशन प्राइवेट लिमिटेड भारत _c1994 |
||
| 300 |
_a155पृ. _ccm. |
||
| 650 | _aहिन्दी कविता | ||
| 942 |
_hO152,3N32:gx, N4 _cTEXL _2cc |
||
| 999 |
_c1013194 _d1013194 |
||